00401nam a2200169Ia 4500008004100000041001200041082001600053100001500069245002800084365000900112520001400121546001200135630002800147650001400175655001400189730002800203101110s9999 xx 000 0 und d aENGLISH bSR4199a547 aFinar I.L. aOrganic Chemistry Vo.II b18.5 aChemistry aENGLISH aOrganic Chemistry Vo.II aChemistry aChemistry aOrganic Chemistry Vo.II